Mejoramiento de la subrasante con lechadas de cal

Salvato in:
Dettagli Bibliografici
Autore principale: Solera Molina, Carlos Manuel
Natura: Sconosciuto
Pubblicazione: [San José, Costa Rica] 1975
Soggetti:
Tags: Aggiungi Tag
Nessun Tag, puoi essere il primo ad aggiungerne!!

MARC

LEADER 00000 a2200000 4500
003 011515
005 20221231143822.0
008 140114s1975 c a m 000 ||s d
040 |c cru CEDI 
090 |a TFG 597 
100 |a Solera Molina, Carlos Manuel   |9 16826 
245 |a Mejoramiento de la subrasante con lechadas de cal 
260 |c 1975  |a  [San José, Costa Rica] 
300 |a  43 hojas, gráficos, ilustraciones, tablas  
500 |a  Tesis (Ingeniero Civil) Universidad de Costa Rica  
650 |x COMPOSICION DE SUELOS  |9 16827 
942 |c TFG 
999 |c 12468  |d 12468